000 00926nam a22002537a 4500
005 20180216102938.0
010 _aBAC-EN21 ENG-111608
020 _c1250.00
_a9789350501245
035 _aEN-95140
035 _aB-578523-537
035 _aB-663756
037 _adpl
_bB.R.Pub/Ven
037 _aDBAD/PUB
082 _a823.009954
245 _aIndian Booker Prize winners /
_cedited by Vivekanand Jha [and] Rajnish Mishra
260 _a Delhi
_bB.R.Publishing
_c2013
270 _a425,Nimri Colony,Ashok Vihar,Phase-IV
_bDelhi
_e110052
300 _axvii,365p.
_c23cm(Hb)
700 _aJha,Vivekanand
700 _aMishra,Rajnish
942 _2ddc
_cEN
_mIND
_h823.009954
999 _c89560
_d89560